<?xml version="1.0" encoding="UTF-8"?><?xml-stylesheet type="text/xsl" href="static/style.xsl"?><OAI-PMH xmlns="http://www.openarchives.org/OAI/2.0/" xmlns:xsi="http://www.w3.org/2001/XMLSchema-instance" xsi:schemaLocation="http://www.openarchives.org/OAI/2.0/ http://www.openarchives.org/OAI/2.0/OAI-PMH.xsd"><responseDate>2026-04-17T23:14:26Z</responseDate><request verb="GetRecord" identifier="oai:riubu.ubu.es:10259/4510" metadataPrefix="marc">https://riubu.ubu.es/oai/request</request><GetRecord><record><header><identifier>oai:riubu.ubu.es:10259/4510</identifier><datestamp>2023-10-05T07:33:35Z</datestamp><setSpec>com_10259_5088</setSpec><setSpec>com_10259_2728</setSpec><setSpec>col_10259_2757</setSpec></header><metadata><record xmlns="http://www.loc.gov/MARC21/slim" xmlns:doc="http://www.lyncode.com/xoai" xmlns:xsi="http://www.w3.org/2001/XMLSchema-instance" xmlns:dcterms="http://purl.org/dc/terms/" xsi:schemaLocation="http://www.loc.gov/MARC21/slim http://www.loc.gov/standards/marcxml/schema/MARC21slim.xsd">
<leader>00925njm 22002777a 4500</leader>
<datafield tag="042" ind1=" " ind2=" ">
<subfield code="a">dc</subfield>
</datafield>
<datafield tag="720" ind1=" " ind2=" ">
<subfield code="a">Zabaleta González, Rebeca</subfield>
<subfield code="e">author</subfield>
</datafield>
<datafield tag="520" ind1=" " ind2=" ">
<subfield code="a">Es necesario ahondar en la investigación relacionada con el colectivo de personas con&#xd;
enfermedad mental para favorecer su inclusión social y por ende, su calidad de vida. El&#xd;
presente trabajo desarrolla un programa de formación en ayuda mutua para usuarios/as&#xd;
de entidades sociales para personas con enfermedad mental. El objetivo es formar a&#xd;
los/as participantes en ayuda mutua para que colaboren, junto al profesional de&#xd;
referencia, en la acogida inicial de nuevos/as usuarios. La experiencia se ha desarrollado&#xd;
en la Asociación Prosame (Burgos) y para ello, se ha construido un programa educativo.&#xd;
La formación repercutirá positivamente en los/as participantes, en su autonomía y en su sentimiento de contribución a la organización y de ayuda a los demás.</subfield>
</datafield>
<datafield tag="520" ind1=" " ind2=" ">
<subfield code="a">It is necessary to delve in the investigation related to the collective of people with&#xd;
mental illness in order to promote their social inclusion and, as a result, their quality of&#xd;
life. The present work develops a program of formation and mutual help directed to&#xd;
users of social entities for people with mental illness. The objective is to train the&#xd;
participants in mutual aid so that they collaborate, along with the reference professional,&#xd;
in the initial reception of new users. The experience has been developed in the Prosame&#xd;
Association (Burgos). An education program has been built for it. The training will have&#xd;
a positive impact on the participants, their autonomy and their feelings of contribution&#xd;
to the organization and of helping others.</subfield>
</datafield>
<datafield tag="024" ind2=" " ind1="8">
<subfield code="a">http://hdl.handle.net/10259/4510</subfield>
</datafield>
<datafield ind1=" " ind2=" " tag="653">
<subfield code="a">trastorno mental severo</subfield>
</datafield>
<datafield ind1=" " ind2=" " tag="653">
<subfield code="a">formación</subfield>
</datafield>
<datafield ind1=" " ind2=" " tag="653">
<subfield code="a">ayuda mutua</subfield>
</datafield>
<datafield ind1=" " ind2=" " tag="653">
<subfield code="a">apoyo entre iguales</subfield>
</datafield>
<datafield ind1=" " ind2=" " tag="653">
<subfield code="a">entidades sociales</subfield>
</datafield>
<datafield ind1=" " ind2=" " tag="653">
<subfield code="a">severe mental disorder</subfield>
</datafield>
<datafield ind1=" " ind2=" " tag="653">
<subfield code="a">formation</subfield>
</datafield>
<datafield ind1=" " ind2=" " tag="653">
<subfield code="a">mutual aid</subfield>
</datafield>
<datafield ind1=" " ind2=" " tag="653">
<subfield code="a">peer support</subfield>
</datafield>
<datafield ind1=" " ind2=" " tag="653">
<subfield code="a">social entities</subfield>
</datafield>
<datafield tag="245" ind1="0" ind2="0">
<subfield code="a">Formación en ayuda mutua de usuarios/as con trastorno mental severo en entidades sociales</subfield>
</datafield>
</record></metadata></record></GetRecord></OAI-PMH>